000 00563nam a2200217Ia 4500
005 20250923144948.0
008 008 250917s9999 xx 000 0 eng d
037 _aTextual
040 _aDSWL
_beng
_cDSWL
041 _aeng
_2eng
084 _aS8, K6
_qDSWL
100 _aNewcomb, T.M.
_9830327
245 0 _aSocial Psychology
_cby T.M. Newcomb
250 _a3rd
260 _bTavistock Publications Ltd.
_c1966
300 _aXII,591 p.
365 _aINR
_b50
925 _g50
942 _cTEXL
_hS8, K6
999 _c1445440
_d1445440